000
00307nam a22001337a 4500
008
170310b xxu||||| |||| 00| 0 eng d
020
_a
9781437709346
041
_a
eng
080
_a
611
100
_a
7
101
_a
SHM
245
_a
RHEUMATIC DISEASE CLINICS NORTH AMERICA
_c
PINCUS.TH
942
_2
udc
_c
BK
999
_c
7417
_d
7417